logo

Bir Sreshtho Munshi Abdur Rouf Library
Jhenaidah Cadet College

আত্মজ ও মুক্তিযুদ্ধ / (Record no. 2324)

MARC details
000 -LEADER
fixed length control field 00676nam a2200229 a 4500
001 - CONTROL NUMBER
JCCL Control Number 2324
003 - CONTROL NUMBER IDENTIFIER
JCCL marc code BD-JhCC
005 - DATE AND TIME OF LATEST TRANSACTION
control field 20171220123515.0
008 - FIXED-LENGTH DATA ELEMENTS--GENERAL INFORMATION
fixed length control field 171101s2001 bg |||| |||| 000 0 ben d
020 ## - INTERNATIONAL STANDARD BOOK NUMBER
International Standard Book Number 9841315017
035 ## - SYSTEM CONTROL NUMBER
system control number (BD-JhCC)2324
040 ## - CATALOGING SOURCE
Original cataloging agency BD-JhCC
Modifying agency BD-JhCC
041 ## - LANGUAGE CODE
Language code of Book ben
082 ## - DEWEY DECIMAL CLASSIFICATION NUMBER
Classification number 891.443
Author mark and Year KHA 2001
100 ## - MAIN ENTRY--PERSONAL NAME
Personal name খান, হেলেনা
245 ## - TITLE STATEMENT
Title আত্মজ ও মুক্তিযুদ্ধ /
Statement of responsibility, etc হেলেনা খান
260 ## - PUBLICATION, DISTRIBUTION, ETC. (IMPRINT)
Place of publication, distribution, etc ঢাকা :
Name of publisher, distributor, etc মুক্তধারা,
Date of publication, distribution, etc ২০০১.
300 ## - PHYSICAL DESCRIPTION
Pagination ১২৭ পৃ. :
Dimensions ২১ সেমি.
650 ## - SUBJECT ADDED ENTRY--TOPICAL TERM
Topical term or geographic name as entry element Bengali Novel
942 ## - ADDED ENTRY ELEMENTS (KOHA)
Source of classification or shelving scheme Dewey Decimal Classification
Koha item type Books
Holdings
Source of classification or shelving scheme Damaged status Not for loan Home library Current library Shelving location Date of accession Source of acquisition Cost, normal purchase price Total Checkouts Full call number Barcode Date last seen Copy number Koha item type
Dewey Decimal Classification     JCC Rouf Library JCC Rouf Library General Stacks 11/01/2017 Fundation of the Tenth's Efforts 80.00   891.443 KHA 2001 2940 11/01/2017 C-1 Books
Dewey Decimal Classification     JCC Rouf Library JCC Rouf Library General Stacks 12/20/2017   80.00   891.443 KHA 2001 1287 12/20/2017 C-1 Books

JCC Library | Contacts | JCC Home

Last Update on 23 September 2017
Copyright @ 2017-2020 JCC Rouf Library
Rouf Library, Jhenidah Cadet College (JCC), Bangladesh